[Event "POL-chT 2st League"]
[Site "Mrzezyno"]
[Date "2010.09.06"]
[Round "3.11"]
[White "Labuda, Michal"]
[Black "Migala, Andrzej"]
[Result "1/2-1/2"]
[WhiteElo "1891"]
[BlackElo "2116"]
[PlyCount "64"]
[EventDate "2010.09.04"]
[EventType "team-swiss"]
[EventRounds "9"]
[EventCountry "POL"]
[SourceTitle "EXT 2019"]
[Source "ChessBase"]
[SourceDate "2018.10.10"]
[SourceVersion "1"]
[SourceVersionDate "2018.10.10"]
[SourceQuality "1"]
[WhiteTeam "Wroclaw Hetman"]
[BlackTeam "Ostroda Ostrodzianka"]
[WhiteTeamCountry "POL"]
[BlackTeamCountry "POL"]

1. e4 c5 2. Nf3 d6 3. d4 cxd4 4. Nxd4 Nf6 5. Nc3 a6 6. Bc4 e6 7. Bb3 Nbd7 8. Bg5 h6 9. Be3 Nc5 10. f3 Be7 11. Qd2 Qc7 12. 0-0-0 Bd7 13. Kb1 0-0-0 14. Qf2 Kb8 15. Rd2 Rc8 16. Rhd1 Rhd8 17. g4 Be8 18. Nde2 Nfd7 19. Nc1 b5 20. Nd3 Kb7 21. h4 Nxd3 22. Rxd3 Ne5 23. R3d2 Nc4 24. Bxc4 Qxc4 25. Qe2 Qxe2 26. Nxe2 Bc6 27. Bd4 Bf8 28. Be5 Kc7 29. Bc3 Rd7 30. h5 Kb6 31. Nd4 Ba8 32. Nb3 d5 1/2-1/2

[Event "Polanica Zdroj op-C 43rd"]
[Site "Polanica Zdroj"]
[Date "2007.08.20"]
[Round "4.10"]
[White "Marszalek, Jakub"]
[Black "Labuda, Michal"]
[Result "1-0"]
[WhiteElo "1772"]
[BlackElo "1832"]
[PlyCount "71"]
[EventDate "2007.08.17"]
[EventType "swiss"]
[EventRounds "9"]
[EventCountry "POL"]
[SourceTitle "CBM 120 Extra"]
[Source "ChessBase"]
[SourceDate "2007.11.01"]
[SourceVersion "1"]
[SourceVersionDate "2007.11.01"]
[SourceQuality "1"]

1. c3 d5 2. d4 Nf6 3. Nf3 Bf5 4. Nbd2 Nbd7 5. g3 e6 6. Bg2 Bd6 7. 0-0 0-0 8. Re1 h6 9. Nh4 Bh7 10. e4 dxe4 11. Nxe4 Nxe4 12. Rxe4 Bxe4 13. Bxe4 c6 14. Bc2 Nf6 15. Be3 Re8 16. h3 Qc7 17. Kg2 Rad8 18. Qf3 Qe7 19. Qe2 e5 20. Nf5 Qe6 21. Nxd6 Rxd6 22. Bb3 Nd5 23. Kh2 exd4 24. cxd4 Qe7 25. Re1 Nxe3 26. fxe3 Rxd4 27. Qf2 Re4 28. Rf1 Rf8 29. Re1 Re8 30. Qf5 g6 31. Qxg6+ Kf8 32. Qxh6+ Kg8 33. Rf1 Re6 34. Qh5 Rxe3 35. Bxf7+ Kg7 36. Qg6+ 1-0